000 00836nam a22002537a 4500
003 dpl
005 20180807131711.0
008 180807b xxu||||| |||| 00| 0 eng d
010 _aB-128191
020 _c495.00
_a9788170999027
035 _aB-128191, B-128195
037 _bCen Lib/Ret
040 _aDPL
_bEN
_c0
082 _a306.6
_bBUR
100 _aBurman, J.J.Roy
_97715
245 _aSacred groves among communities :
_cby J.J.Roy Burman
_bthe Mahadeo kolis and the kunbis of the western ghats /
260 _aNew Delhi
_bMittal publications
_c2003
270 _a110, Mohan Garden
_bNew Delhi
_e110059
300 _a256p.
_c21cm(Hb)
500 _aIncludes bibliographical reference and index
650 _aManners and customs
_972259
650 _aSacred groves
_97717
942 _2ddc
_cEN
_h306.6
_mBUR
999 _c123695
_d123695